Fletcher Estates (Harlescott) Ltd and others v SoS for the Environment (Record no. 64313)
[ view plain ]
| 000 -LEADER | |
|---|---|
| fixed length control field | 01718cam a2200253 4500 |
| 001 - CONTROL NUMBER | |
| control field | ABS62595 |
| 008 - FIXED-LENGTH DATA ELEMENTS--GENERAL INFORMATION | |
| fixed length control field | 000000n2000 000 0 eng u |
| 035 ## - SYSTEM CONTROL NUMBER | |
| System control number | (Sirsi) u107635 |
| 245 ## - TITLE STATEMENT | |
| Title | Fletcher Estates (Harlescott) Ltd and others v SoS for the Environment |
| 260 ## - PUBLICATION, DISTRIBUTION, ETC. | |
| Date of publication, distribution, etc. | 2000 |
| 490 ## - SERIES STATEMENT | |
| Series statement | Rating and Valuation Reporter |
| Volume/sequential designation | [2000] 40(5) RVR 215-220(6) |
| 520 ## - SUMMARY, ETC. | |
| Summary, etc. | HL 17 February 2000. Land proposed for an A49 bypass was first defined across the Fletcher and the Longmore land in 1970. Due to the proposed bypass, between 1963 and 1971 planning permission for residential development was denied six times. On 30 January 1986 SoS Environment gave notice of the proposed compulsory purchase orders. The landowners applied for certificates of appropriate alternative development under Land Compensation Act 1961 s17, which the planning authorities granted. Sos appealed. The Inspector concluded that there was no reasonable basis for considering residential and industrial development on any part of the Longmore land as at 30 January 1986. SoS accepted the Inspector's conclusions and decision to replace the certificates with negative ones under Land Compensation Act 1961 s17(4)(b). 'Held' appeal dismissed. |
| 590 ## - LOCAL NOTE (RLIN) | |
| Local note | ABS |
| 650 ## - SUBJECT ADDED ENTRY--TOPICAL TERM | |
| Topical term or geographic name entry element | FLETCHER ESTATES (HARLESCOTT) LTD V SOS ENVIRONMENT |
| 650 ## - SUBJECT ADDED ENTRY--TOPICAL TERM | |
| Topical term or geographic name entry element | LAND COMPENSATION ACT 1961 S17 |
| 650 ## - SUBJECT ADDED ENTRY--TOPICAL TERM | |
| Topical term or geographic name entry element | PLANNING AND COMPENSATION ACT 1991 |
| 650 ## - SUBJECT ADDED ENTRY--TOPICAL TERM | |
| Topical term or geographic name entry element | CERTIFICATES OF APPROPRIATE ALTERNATIVE DEVELOPMENT |
| 650 ## - SUBJECT ADDED ENTRY--TOPICAL TERM | |
| Topical term or geographic name entry element | COMPENSATION |
| 650 ## - SUBJECT ADDED ENTRY--TOPICAL TERM | |
| Topical term or geographic name entry element | PLANNING PERMISSION |
| 650 ## - SUBJECT ADDED ENTRY--TOPICAL TERM | |
| Topical term or geographic name entry element | REFUSAL |
| 650 ## - SUBJECT ADDED ENTRY--TOPICAL TERM | |
| Topical term or geographic name entry element | RESIDENTIAL DEVELOPMENT |
| 690 ## - LOCAL SUBJECT ADDED ENTRY--TOPICAL TERM (OCLC, RLIN) | |
| Topical term or geographic name as entry element | ENVIRONMENTAL AND LAND CONSULTANCY-PLANNING AND DEVELOPMENT-COMPULSORY PURCHASE AND COMPENSATION |
| 942 ## - ADDED ENTRY ELEMENTS (KOHA) | |
| Suppress in OPAC | 0 |
| Withdrawn status | Lost status | Source of classification or shelving scheme | Damaged status | Not for loan | Home library | Current library | Shelving location | Date acquired | Total Checkouts | Full call number | Barcode | Date last seen | Copy number | Price effective from | Koha item type |
|---|---|---|---|---|---|---|---|---|---|---|---|---|---|---|---|
| Dewey Decimal Classification | London | London | Journal article | 08/08/2000 | ABS62595 | 107635-1001 | 06/08/2019 | 1 | 06/08/2019 | Law report |